000
00229nam a22001217a 4500
003
SGT
082
_b
MAD
100
_a
MADHAV
245
_a
EASY EXAM NOTES
260
_b
MADHAV PRAKASHAN
_c
2009
300
_a
272
942
_2
ddc
_c
BK
999
_c
13687
_d
13687